Statistiken für Ballon d`Or 2021 Ranking

Klicken Sie hier um das Quiz zu spielen!

Allgemein

  • Dieses Quiz wurde 59 mal gespielt
  • Das Durchschnittsergebnis liegt bei 22 aus 30

Antwortstatistiken

RangNationalitätVereinePunkteAntwort% Korrekt
1ArgentinienBarcelona/ Paris
Saint-Germain
613Lionel Messi
100%
2PolenBayern München580Robert Lewandowski
100%
11NorwegenBVB33Erling Haaland
96%
4FrankreichReal Madrid239Karim Benzema
96%
9FrankreichParis Saint-Germain58Kylian Mbappe
96%
7ÄgyptenLiverpool121Mohamed Salah
96%
6PortugalJuventus/ Manchester
United
178Cristiano Ronaldo
94%
8BelgienManchester City73Kevin de Bruyne
94%
23EnglandTottenham Hotspur4Harry Kane
88%
29KroatienReal Madrid0Luka Modric
88%
16BrasilienParis Saint-Germain9Neymar
88%
17UruguayAtletico Madrid8Luis Suarez
84%
19AlgerienManchester City7Riyad Mahrez
84%
21PortugalManchester United6Bruno Fernandes
82%
3ItalienChelsea460Jorginho
80%
12BelgienInter Milan/ Chelsea26Romelu Lukaku
80%
5FrankreichChelsea186N`Golo Kante
78%
10ItalienAC Milan/ Paris
Saint-Germain
36Gianluigi Donnarumma
76%
15EnglandManchester City10Raheem Sterling
73%
21ArgentinienInter Milan6Lautaro Martinez
71%
25EnglandManchester City2Phil Foden
71%
14ItalienJuevntus18Leonardo Bonucci
69%
12ItalienJuventus26Giorgio Chiellini
61%
17DänemarkAC Milan8Simon Kjaer
59%
24SpanienBarcelona3Pedri
57%
26PortugalManchester City1Ruben Dias
55%
26ItalienInter Milan1Nicolo Barella
43%
19EnglandChelsea7Mason Mount
37%
26SpanienVillareal1Gerard Moreno
31%
29SpanienChelsea0Cesar Azpilicueta
20%

Verteilung der Resultate

Perzentil nach korrekt beantworteten Fragen

Anzahl Personen mit jedem Resultat

Ihre Resultats-Entwicklung

Sie haben dieses Quiz noch nicht gespielt